00471nam a22001577a 450000500170000000800410001702000150005802200150007304100130008808200120010110000410011324500560015426000460021030000320025665000250028820231201104615.0231201b |||||||| |||| 00| 0 eng d a0409004642 a0409004642 aEnglish  a349 JOU aJoubert, WA and Faris, JA lEnglish  aThe Law Of South Africa /cWA Joubert and JA Faris  aDurban : bButterworth Publishers, c1998 bviii, 542 pages ; c26 cm.  aLegal practice bLaw